Elephantine XXXVI : Der ptolemäische Satettempel und seine Nebenanlagen und die Treppenanlage des nördlichen Sakralbezirks /
Main Author:
Format: Book
Language: German
Published:
Wiesbaden :
Harrassowitz Verlag,
[2019]
Series:
Archäologische Veröffentlichungen (Deutsches Archäologisches Institut. Abteilung Kairo),
127
Elephantine ;
XXXVI
Tags: Add Tag
Call Number: ( F )DT57 .D47 v.127
| LEADER | 01289nam a22003017a 4500 | ||
|---|---|---|---|
| 005 | 20260512062948.0 | ||
| 008 | 260512t2019 gw af 000 0 ger | ||
| 020 | |a 9783447112079 |q v. 36 |q hardbound | ||
| 024 | 3 | |a 9783447112079 | |
| 035 | |a 21285610 | ||
| 035 | |a (GyWOH)har190037542 | ||
| 040 | |a DLC |b eng |c DLC |e rda | ||
| 042 | |a pcc | ||
| 050 | 1 | 4 | |a ( F )DT57 |b .D47 v.127 |
| 100 | 1 | |a Jaritz, Horst. |d author. | |
| 245 | 1 | 4 | |a Elephantine XXXVI : |b Der ptolemäische Satettempel und seine Nebenanlagen und die Treppenanlage des nördlichen Sakralbezirks / |c von Horst Jaritz, Ewa Laskowska-Kusztal, Walter Niederberger ; mit Beiträgen von Horst Beinlich und Karl-Theodor Zauzich. |
| 264 | 1 | |a Wiesbaden : |b Harrassowitz Verlag, |c [2019] | |
| 300 | |a 240 pages, 75 pages of plates : |b many illustrations (partly color) ; |c 36 cm. | ||
| 336 | |a text |b txt |2 rdacontent | ||
| 337 | |a unmediated |b n |2 rdamedia | ||
| 338 | |a volume |b nc |2 rdacarrier | ||
| 490 | 0 | |a Archäologische Veröffentlichungen (Deutsches Archäologisches Institut. Abteilung Kairo), |v 127 |x 2190-5843 ; | |
| 490 | 0 | |a Elephantine ; |v XXXVI | |
| 504 | |a Includes bibliographical references (pages 15-23). | ||
| 906 | |a 0 |b ibc |c origres |d u |e ncip |f 20 |g y-gencatlg | ||
| 942 | |2 lcc |c BK | ||
| 955 | |a ve21 2019-11-01 | ||
| 999 | |c 62242 |d 62242 | ||
